Chinese Dierenriem - Statistieken

Algemene statistieken
  • Deze quiz is 1.691 keer genomen
  • De gemiddelde score is 7 van 12
Antwoordstatistieken
Dier % Correct
Draak
80%
Hond
74%
Os
70%
Rat
67%
Tijger
66%
Varken
63%
Paard
59%
Slang
58%
Geit
57%
Aap
51%
Haan
49%
Konijn
48%
Geen overeenkomende quizzen gevonden
Scoreverdeling
Procent van Mensen met Elke Score
Percentiel versus Aantal Correcte Antwoorden
Uw Scoregeschiedenis
U heeft deze quiz nog niet genomen